| 000 | 00662nam a2200205 a 4500 | ||
|---|---|---|---|
| 001 | BRCA_2531 | ||
| 005 | 20190320203843.0 | ||
| 008 | 251108s1932----enka---###---#000-0#eng-u | ||
| 050 | 4 |
_aNK4370 _b.S36 1932 |
|
| 100 | 1 |
_aSchmidt, Robert _97211 |
|
| 245 | 1 | 0 |
_aPorcelain as an art and a mirror of fashion _cby Robert Schmidt ; translated and edited with an introduction by W. A. Thorpe. |
| 260 |
_aLondon _bG. G. Harrap _c1932 |
||
| 300 |
_a335 p. _bil. a color, 8 láminas _c20 cm. |
||
| 500 | _aIncluye lista de ilustraciones. | ||
| 500 | _aA18 | ||
| 650 | 1 | 4 |
_aPorcelana _91509 |
| 700 | 1 |
_aThorpe, William Arnold _etr. _97268 |
|
| 902 | _aGFM | ||
| 942 |
_2lcc _cB |
||
| 999 |
_c2272 _d2272 |
||